Happier For His Presence (Record no. 11991)

MARC details
000 -LEADER
fixed length control field 00321nam a22001217a 4500
008 - FIXED-LENGTH DATA ELEMENTS--GENERAL INFORMATION
fixed length control field 220209b ||||| |||| 00| 0 eng d
020 ## - INTERNATIONAL STANDARD BOOK NUMBER
International Standard Book Number 9781494044701
100 ## - MAIN ENTRY--PERSONAL NAME
Personal name Issler Roller Anne
9 (RLIN) 7511
245 ## - TITLE STATEMENT
Title Happier For His Presence
260 ## - PUBLICATION, DISTRIBUTION, ETC. (IMPRINT)
Place of publication, distribution, etc. U.S.A
Name of publisher, distributor, etc. Stanford University Press
Date of publication, distribution, etc. 1949
300 ## - PHYSICAL DESCRIPTION
Extent 180.P
942 ## - ADDED ENTRY ELEMENTS (KOHA)
Source of classification or shelving scheme Dewey Decimal Classification
Koha item type BOOK

No items available.

Powered by Koha